|
|
|
|
| LEADER |
01701cas a2200265 a 4500 |
| 001 |
AALejournalIMF007338 |
| 008 |
230101c9999 xx r poo 0 0eng d |
| 020 |
|
|
|c 5.00 USD
|
| 020 |
|
|
|z 9781451929973
|
| 022 |
|
|
|a 1018-5941
|
| 040 |
|
|
|a BD-DhAAL
|c BD-DhAAL
|
| 100 |
1 |
|
|a Cornelius, Peter.
|
| 245 |
1 |
0 |
|a Trade Policies and Lithuania's Reintegration Into the Global Economy /
|c Peter Cornelius, Jonas Cicinskas, Dalia Treigiene.
|
| 264 |
|
1 |
|a Washington, D.C. :
|b International Monetary Fund,
|c 1995.
|
| 300 |
|
|
|a 1 online resource (50 pages)
|
| 490 |
1 |
|
|a IMF Working Papers
|
| 500 |
|
|
|a <strong>Off-Campus Access:</strong> No User ID or Password Required
|
| 500 |
|
|
|a <strong>On-Campus Access:</strong> No User ID or Password Required
|
| 506 |
|
|
|a Electronic access restricted to authorized BRAC University faculty, staff and students
|
| 520 |
3 |
|
|a The reintegration into the world economy has been an integral part of Lithuania's transformation process. Trade policy reform has been assigned a key role, aiming at opening up the economy and redirecting foreign trade. This paper (i) analyzes the trade shock following the dissolution of the former Soviet Union; (ii) studies the political economy of trade reforms; (iii) evaluates Lithuania's attempts to gain greater access to Western markets, in particular the European Union; and (iv) reviews the empirical evidence on redirecting foreign trade.
|
| 538 |
|
|
|a Mode of access: Internet
|
| 700 |
1 |
|
|a Cicinskas, Jonas.
|
| 700 |
1 |
|
|a Treigiene, Dalia.
|
| 830 |
|
0 |
|a IMF Working Papers; Working Paper ;
|v No. 1995/138
|
| 856 |
4 |
0 |
|z Full text available on IMF
|u http://elibrary.imf.org/view/journals/001/1995/138/001.1995.issue-138-en.xml
|z IMF e-Library
|